| 000 | 00691nam a2200205 i 4500 | ||
|---|---|---|---|
| 001 | bg | ||
| 245 | 0 | 0 |
_aDzieje Inowrocławia. _nT.1, _p(Do 1919 r.) / _cpod red. Mariana Biskupa ; [oprac. Zofia Churska et al.] ; Towarzystwo Naukowe w Toruniu. |
| 260 |
_aWarszawa ; _aPoznań : _bPaństwowe Wydawnictwo Naukowe, _c1978. |
||
| 300 |
_a419, [1] s. : _bil., mapy ; _c25 cm. |
||
| 504 | _aBibliogr. | ||
| 651 | 9 |
_aInowrocław (woj. kujawsko-pomorskie) _xhistoria |
|
| 700 | 1 |
_aBiskup, Marian _d(1922-2012). _eRed. |
|
| 700 | 1 |
_aChurska, Zofia _d(1927-). |
|
| 040 | _cBPK | ||
| 041 | 0 | _apol | |
| 044 | _aPOL | ||
| 080 | _a94(438)A/Z | ||
| 942 | _cKS | ||
| 008 | 100820s1978 pl a |000 0 pol | ||
| 999 |
_c49611 _d49611 |
||
| 856 |
_uhttp://koha.tu.koszalin.pl/cgi-bin/koha/opac-detail.pl?biblionumber=49611 _yKatalog online BPK |
||